GETS Theological Seminary Library

中國基督教史 (Record no. 49855)

MARC details
000 -LEADER
fixed length control field 00420nam a2200157Ia 4500
008 - FIXED-LENGTH DATA ELEMENTS--GENERAL INFORMATION
fixed length control field 231021s9999 xx 000 0 und d
041 ## - LANGUAGE CODE
Language code of text/sound track or separate title chi
050 ## - LIBRARY OF CONGRESS CALL NUMBER
Classification number BR1285
Item number .T35 1976
245 #0 - TITLE STATEMENT
Title 中國基督教史
Remainder of title /
Statement of responsibility, etc. 楊森富編
246 ## - VARYING FORM OF TITLE
Title proper/short title 中国基督教史
260 ## - PUBLICATION, DISTRIBUTION, ETC.
Place of publication, distribution, etc. 臺北市 :  
Name of publisher, distributor, etc. 臺灣商務,
Date of publication, distribution, etc. 1976
300 ## - PHYSICAL DESCRIPTION
Extent 419 p.
Other physical details ;
Dimensions 22 cm.
650 ## - SUBJECT ADDED ENTRY--TOPICAL TERM
Topical term or geographic name entry element Chriatianity -- China.
700 ## - ADDED ENTRY--PERSONAL NAME
Personal name 楊森富
Holdings
Withdrawn status Lost status Damaged status Not for loan Home library Current library Shelving location Date acquired Total Checkouts Full call number Barcode Date last seen Price effective from Koha item type
        GETS Theological Seminary Library GETS Theological Seminary Library   11/13/2023   BR1285 .T35 1976 00031476 11/13/2023 11/13/2023 Chinese Book
OpacCredits

Contact the Librarian, GETS Library
Email: library@mygets.org









Implemented by GETS Library
(Powered by ETCA Professional Group)
GETS Theological Seminary
412 E. Rowland Street, CA 91723